000 00532nam a22001937a 4500
003 KOHA_MİRAKIL
005 20251006105717.0
008 251006b tu ||||| |||| 00| 0 tur d
020 _a9789750533211
040 _aTR-AnABB
_btur
_cTR-AnABB
041 _atur
082 _a828.3354
_bBRO 2022
100 1 _aBrown, Eli,
245 1 0 _aTarçın ve barut /
_cEli Brown
260 _aİstanbul :
_bİletişim Yayınları,
_c2022
300 _a363 sayfa ;
_c20 cm
650 0 4 _aAmerikan edebiyatı, roman
942 _2ddc
_cBK
999 _c9102
_d9102
900 _bGizem YORULMAZ